000 00793nam a2200253 i 4500
001 16125
003 ES-MaACL
005 20250830095349.0
007 t|
008 000627s1999 mx ||||1| spa d
020 _a968-36-7489-5
080 _a342.31
080 _a342.1
100 1 _aArnaiz Amigo, Aurora.
_923022
245 1 0 _aSoberanía y potestad
_b: de la soberanía del pueblo, de la potestad del Estado /
_cAurora Arnaiz Amigo.
250 _a3ª ed.
260 _aMéxico :
_bUniversidad Nacional Autónoma de México,
_c1999.
300 _a653 p. ;
_c23 cm.
650 1 4 _aSoberanía.
_917146
650 1 7 _aEstado
_2embne
_912523
710 2 _aUniversidad Nacional Autónoma de México.
_97397
852 _aES-MaACL
_jL-23298
_bR.128448
999 _c16125
_d16125